000 00616nam a22001937a 4500
999 _c164014
_d164014
005 20190508152413.0
010 _aUR-10078
020 _c125.00
_a-
035 _aU-8633
037 _bDBAD/PUB
082 _a305.4
100 _aشکيلہ ر فيق
245 _aعصمت آ پا
_cشکيلہ ر فيق
246 _bISMAT Aapa (Urdu)
_aby Shakila Rafeeq
260 _a Delhi
_bEducational Publishing House
_c2018 ء
270 _a3191،Vakil Street,Kucha Pandit,Lal Kuan,
_bDelhi
_e110006
_k23216162
_l00911123211540
300 _a96ص
_c22 Cm.(bk)
942 _2ddc
_cUR
_h305.4
_mش ک ی